[Event "Sao Paulo Cordioli Memorial"]
[Site "Sao Paulo"]
[Date "2015.09.05"]
[Round "1"]
[White "Mimessi, Nivaldo"]
[Black "Le Bail, Clara"]
[Result "0-1"]
[WhiteElo "1800"]
[BlackElo "1968"]
[PlyCount "102"]
[EventDate "2015.09.05"]
[EventType "swiss"]
[EventRounds "6"]
[EventCountry "BRA"]
[SourceTitle "EXT 2016"]
[Source "ChessBase"]
[SourceDate "2015.10.08"]
[SourceVersion "1"]
[SourceVersionDate "2015.10.08"]
[SourceQuality "1"]

1. e4 e6 2. Nf3 d5 3. e5 c5 4. Nc3 Nc6 5. Bb5 Bd7 6. d3 Nge7 7. Bg5 Qb6 8. Rb1 Ng6 9. Bxc6 Bxc6 10. 0-0 h6 11. Bh4 Nxh4 12. Nxh4 Qb4 13. Nf3 Be7 14. Re1 0-0 15. h3 b5 16. a3 Qa5 17. Ne2 Rfc8 18. d4 b4 19. Qd2 c4 20. axb4 Bxb4 21. c3 Be7 22. Ra1 Qc7 23. Reb1 Rcb8 24. Nf4 Rb3 25. Ne2 Rab8 26. Nc1 R3b5 27. Ne2 a5 28. Ng3 Rb3 29. Ra2 a4 30. Qc2 Qb7 31. Nd2 Rb6 32. Ne2 a3 33. bxa3 Rxb1+ 34. Nxb1 Qxb1+ 35. Qxb1 Rxb1+ 36. Kh2 Ba4 37. Rd2 Bb3 38. f3 Bxa3 39. Ng3 Bb2 40. Ne2 Bc1 41. Nxc1 Rxc1 42. Rb2 Rxc3 43. Kg1 Rd3 44. Kf2 Rxd4 45. Ke3 Rd3+ 46. Ke2 d4 47. Rd2 Rxd2+ 48. Kxd2 Kf8 49. g4 c3+ 50. Kc1 d3 51. f4 d2+ 0-1